000 00239nam a2200097Ia 4500
001 807582
005 20250826171233.0
008 250824s9999 xx 000 0 und d
245 0 _aBOZKIR GELİNİ
_cBEKİR YILDIZ
260 _bEVEREST YAYINLARI
999 _c807582
_d807582